Príčiny a dôsledky finančného kolapsu ekonomiky Islandu bakalárska práca

Guardado en:
Detalles Bibliográficos
Autor principal: Husárová, Katarína
Autor Corporativo: Fakulta medzinárodných vzťahov EU. Katedra medzinárodných ekonomických vzťahov a hospodárskej diplomacie
Otros Autores: Dudáš, Tomáš, 1976-
Formato: Libro
Lenguaje:eslovaco
Publicado: Bratislava 2010
Etiquetas: Agregar Etiqueta
Sin Etiquetas, Sea el primero en etiquetar este registro!

MARC

LEADER 00000nam$a2200000$$$4500
001 0136886
005 20240320074430.2
041 0 |a slo 
044 |a SK 
245 1 0 |a Príčiny a dôsledky finančného kolapsu ekonomiky Islandu  |b bakalárska práca  |c Katarína Husárová ; školiteľ: Tomáš Dudáš 
264 1 |a Bratislava  |c 2010 
300 |a 50 s. 
100 1 |a Husárová, Katarína 
700 1 |a Dudáš, Tomáš, 1976- 
710 2 |a Fakulta medzinárodných vzťahov EU. Katedra medzinárodných ekonomických vzťahov a hospodárskej diplomacie